<?xml version="1.0" encoding="UTF-8"?>
<marc:record xmlns:marc="http://www.loc.gov/MARC21/slim">
   <marc:leader>00000nam a2200000 a 4500</marc:leader>
   <marc:datafield ind1="1" ind2=" " tag="100">
      <marc:subfield code="a">Ernst, Hans</marc:subfield>
      <marc:subfield code="4">aut</marc:subfield>
      <marc:subfield code="e">Verfasser/-in</marc:subfield>
   </marc:datafield>
   <marc:datafield ind1=" " ind2=" " tag="653">
      <marc:subfield code="a">Heimatromane</marc:subfield>
   </marc:datafield>
   <marc:datafield ind1=" " ind2=" " tag="653">
      <marc:subfield code="a">Doppelband</marc:subfield>
   </marc:datafield>
   <marc:datafield ind1="0" ind2="0" tag="245">
      <marc:subfield code="a">Des Lebens helle Stunden - Wo der Alpbach rauscht</marc:subfield>
   </marc:datafield>
   <marc:datafield ind1="0" ind2="0" tag="245">
      <marc:subfield code="b">Zwei Romane</marc:subfield>
   </marc:datafield>
   <marc:datafield ind1="0" ind2="0" tag="245">
      <marc:subfield code="c">Hans Ernst</marc:subfield>
   </marc:datafield>
   <marc:datafield ind1=" " ind2="1" tag="264">
      <marc:subfield code="a">Rosenheim</marc:subfield>
      <marc:subfield code="b">Rosenheimer Verlagshaus</marc:subfield>
      <marc:subfield code="c">2003</marc:subfield>
   </marc:datafield>
   <marc:datafield ind1="1" ind2=" " tag="490">
      <marc:subfield code="a">Weltbild Sammler-Editionen</marc:subfield>
   </marc:datafield>
   <marc:datafield ind1=" " ind2=" " tag="250">
      <marc:subfield code="a">Genehmigte Lizenzausgabe; 4. Auflage</marc:subfield>
   </marc:datafield>
   <marc:datafield ind1="1" ind2=" " tag="520">
      <marc:subfield code="a">Zwei Heimatromane von Hans Ernst in einem Band. "Des Lebens helle Stunden": Stolz und mächtig thront der Sonnlechhof über Birkenzell, und der Sonnlechbauer führt ihn mit strenger Hand. Niemand widersetzt sich seinem Willen. Besonders hart trifft es ihn da, dass ausgerechnet seine Tochter sich gegen ihn stellt und ihr Herz Tobias schenkt, dem jungen Gutsverwalter vom Karlshof, der aus der armen Bachschmiede stammt. "Wo der Alpbach rauscht": Zwei Söhne hat der Jochbauer: den Hoferben Hannes und den Ingenieur Matthias. Zwischen den beiden ungleichen Brüdern steht die schöne Sophie. Sie heiratet Hannes, denn sie glaubt, dass sie durch den Wohlstand und die Sicherheit des eigenen Hofes das Glück finden wird. Trotz Hannes aufrichtiger Liebe, zweifelt Sophie bald an ihrer Entscheidung. Als sich Sophie und Matthias nach langer Zeit wieder gegenüberstehen, brechen die Gefühle mit neuer Macht über sie herein. Beide wehren sich verzweifelt gegen ihre Liebe zueinander, doch das Schicksal lässt sich nicht aufhalten.</marc:subfield>
   </marc:datafield>
   <marc:datafield ind1=" " ind2=" " tag="020">
      <marc:subfield code="a">4026411106755</marc:subfield>
      <marc:subfield code="9">4026411106755</marc:subfield>
   </marc:datafield>
   <marc:datafield ind1=" " ind2=" " tag="041">
      <marc:subfield code="a">ger</marc:subfield>
   </marc:datafield>
   <marc:datafield ind1=" " ind2=" " tag="300">
      <marc:subfield code="a">239 Seiten und 207 Seiten</marc:subfield>
   </marc:datafield>
</marc:record>
